<?xml version="1.0" encoding="UTF-8"?><?xml-stylesheet type="text/xsl" href="static/style.xsl"?><OAI-PMH xmlns="http://www.openarchives.org/OAI/2.0/" xmlns:xsi="http://www.w3.org/2001/XMLSchema-instance" xsi:schemaLocation="http://www.openarchives.org/OAI/2.0/ http://www.openarchives.org/OAI/2.0/OAI-PMH.xsd"><responseDate>2026-06-01T10:35:23Z</responseDate><request verb="GetRecord" identifier="oai:riuma.uma.es:10630/16438" metadataPrefix="marc">https://riuma.uma.es/rest/oai/request</request><GetRecord><record><header><identifier>oai:riuma.uma.es:10630/16438</identifier><datestamp>2026-02-03T12:42:08Z</datestamp><setSpec>com_10630_2254</setSpec><setSpec>col_10630_37957</setSpec></header><metadata><record xmlns="http://www.loc.gov/MARC21/slim" xmlns:dcterms="http://purl.org/dc/terms/" xmlns:doc="http://www.lyncode.com/xoai" xmlns:xsi="http://www.w3.org/2001/XMLSchema-instance" xsi:schemaLocation="http://www.loc.gov/MARC21/slim http://www.loc.gov/standards/marcxml/schema/MARC21slim.xsd">
   <leader>00925njm 22002777a 4500</leader>
   <datafield ind2=" " ind1=" " tag="042">
      <subfield code="a">dc</subfield>
   </datafield>
   <datafield ind2=" " ind1=" " tag="720">
      <subfield code="a">Hidalgo Díaz, Tania</subfield>
      <subfield code="e">author</subfield>
   </datafield>
   <datafield ind2=" " ind1=" " tag="260">
      <subfield code="c">2017</subfield>
   </datafield>
   <datafield ind2=" " ind1=" " tag="520">
      <subfield code="a">Introducción:&#xd;
El Pseudoxantoma Elasticum (PXE) o Síndrome de Grönblad-Stranberg es una rara enfermedad hereditaria autosómica recesiva, con afectación multisistémica, caracterizada por la calcificación ectópica y fragmentación progresiva de las fibras elásticas del tejido conectivo blando. Los tejidos que más sufren este fenómeno son la piel y las mucosas, la membrana de Bruch retiniana y la pared de los vasos. &#xd;
&#xd;
Material y métodos:&#xd;
Se analizó una muestra de 34 pacientes con PXE (68 ojos) y 34 controles. Se agruparon los pacientes en tres grupos en función del tipo de afectación macular en el momento del estudio: pacientes sin patología macular pero con estrías, pacientes con neovascularización coroidea activa en tratamiento y pacientes con cicatriz macular atrófica secundaria a una neovascularización coroidea inactiva. Se les realizó una exploración oftalmológica completa basada en técnicas de imagen no invasivas como la tomografía de coherencia óptica (OCT), retinografía y autofluorescencia. Mediante la OCT se analizó el nervio óptico, mácula y coroides. La retinografía y autofluorescencia nos permitió determinar la presencia y características de lesiones coriorretinianas, así como el diámetro vascular retiniano. Alteraciones de tipo cardiovascular y cutáneo fueron recogidos para el análisis.</subfield>
   </datafield>
   <datafield ind1="8" ind2=" " tag="024">
      <subfield code="a">https://hdl.handle.net/10630/16438</subfield>
   </datafield>
   <datafield tag="653" ind2=" " ind1=" ">
      <subfield code="a">Pseudoxantoma elástico - Tesis doctorales</subfield>
   </datafield>
   <datafield tag="653" ind2=" " ind1=" ">
      <subfield code="a">Síndrome de Grönblad-Stranberg  - Tesis doctorales</subfield>
   </datafield>
   <datafield ind2="0" ind1="0" tag="245">
      <subfield code="a">Aportación de las técnicas de imagen oftalmológicas al estudio del Pseudoxantoma Elástico</subfield>
   </datafield>
</record>
</metadata></record></GetRecord></OAI-PMH>